Top 10 Best English Footballers Ever - Statistics

General Stats
  • This quiz has been taken 109 times
  • The average score is 7 of 10
Answer Stats
Nr Answer % Correct
3. Wayne Rooney
90%
1. Bobby Charlton
86%
10. David Beckham
85%
6. Harry Kane
81%
9. Frank Lampard
80%
8. Steven Gerrard
80%
7. Alan Shearer
71%
4. Bobby Moore
67%
5. Gary Lineker
56%
2. Kevin Keegan
23%
No matching quizzes found
Score Distribution
Percent of People with Each Score
Percentile by Number Answered
Your Score History
You have not taken this quiz